Realism, utopia, and the mushroom cloud : four activist intellectuals and their strategies for peace, 1945-1989 : Louise Weiss, France, Leo Szilard, USA, E.P. Thompson, England, Danilo Dolci, Italy /

Bibliographic Details
Main Author: Bess, Michael
Format: Book
Language:English
Published: Chicago : University of Chicago Press, 1993.
Subjects:

MARC

Tag First Indicator Second Indicator Subfields
LEADER 00000cam a22000008a 4500
001 in00001151663
005 20151001061755.0
008 930212s1993 ilu b 001 0ceng
010 |a  93009707  
020 |a 0226044203 (alk. paper) 
020 |a 0226044211 (pbk. : alk. paper) 
035 |a (OCoLC)27894840 
035 |9 AGD4067AM 
040 |a DLC  |c DLC  |d SBM  |d TXA  |d UtOrBLW 
049 |a TXAM 
050 0 0 |a JX1962.A2  |b B47 1993 
082 0 0 |a 327.1/72/0922  |a B  |2 20 
100 1 |a Bess, Michael. 
245 1 0 |a Realism, utopia, and the mushroom cloud :  |b four activist intellectuals and their strategies for peace, 1945-1989 : Louise Weiss, France, Leo Szilard, USA, E.P. Thompson, England, Danilo Dolci, Italy /  |c Michael Bess. 
263 |a 9311 
264 1 |a Chicago :  |b University of Chicago Press,  |c 1993. 
300 |a xxviii, 322 pages :  |b illustrations ;  |c 24 cm. 
336 |a text  |b txt  |2 rdacontent 
337 |a unmediated  |b n  |2 rdamedia 
338 |a volume  |b nc  |2 rdacarrier 
504 |a Includes bibliographical references and index. 
600 1 0 |a Szilard, Leo. 
600 1 0 |a Dolci, Danilo. 
600 1 0 |a Weiss, Louise,  |d 1893-1983. 
600 1 0 |a Thompson, E. P.  |q (Edward Palmer),  |d 1924-1993. 
650 0 |a Pacifists  |v Biography. 
999 |a MARS 
999 f f |s 4f6bb973-e7d5-3571-8bf1-d9be29f7fea1  |i e20af22e-1363-3cd9-a756-544434bad209  |t 0 
952 f f |p ric  |a Texas A&M University  |b Rellis Campus  |c Joint Library Facility  |d Remote Storage  |t 0  |e JX1962.A2 B47 1993  |h Library of Congress classification  |i unmediated -- volume  |m A14817742686 
998 f f |a JX1962.A2 B47 1993  |t 0  |l Remote Storage